|
|
|
|
| LEADER |
00000nab a2200000uu 4500 |
| 001 |
vtls011450022 |
| 003 |
SK-MaSNL |
| 005 |
20260303151409.0 |
| 008 |
230222|2011 xo |||||||||||||||||eng| |
| 015 |
|
|
|a SNBRB
|
| 035 |
|
|
|a (urnnbn)urn:nbn:sk:snk:ar-006f44
|
| 035 |
|
|
|a (uuid)041924aa-399d-4c93-ae76-099d53f05f2a
|
| 035 |
|
|
|a urn:nbn:sk:snk-abcmb1
|
| 040 |
|
|
|a SNKBUCL
|b slo
|c SNKBUCL
|e AACR2
|
| 041 |
0 |
|
|a eng
|
| 044 |
|
|
|a xo
|c SK
|
| 100 |
1 |
|
|a Savaş, Ekrem
|4 aut
|9 1170924
|
| 245 |
1 |
0 |
|a DOUBLE SEQUENCE SPACES DEFINED BY A MODULUS
|c Ekrem Savaş, Richard F. Patterson
|
| 700 |
1 |
|
|a Richard F. Patterson
|4 aut
|9 1170925
|
| 773 |
0 |
|
|t Mathematica Slovaca
|g Roč. 61, č. 2 (2011), s. [245]-256
|
| 958 |
|
|
|a OND
|
| 958 |
|
|
|a EUIPO
|
| 958 |
|
|
|a article16
|
| 999 |
|
|
|c 2017532
|d 2019462
|